Normal view
MARC view
Entry Nombre personal
001 - NÚMERO DE CONTROL
- campo de control: 23781
003 - IDENTIFICADOR DEL NÚMERO DE CONTROL
- campo de control: BNPHU
005 - FECHA Y HORA DE LA ÚLTIMA TRANSACCIÓN
- campo de control: 20240228191900.0
008 - DATOS DE LONGITUD FIJA
- campo de control de longitud fija: 200615|| aca||aabn | a|a d
010 ## - NÚMERO DE CONTROL DE LA BIBLIOTECA DEL CONGRESO
- Número de control de LC: no 91015574
040 ## - FUENTE DE LA CATALOGACIÓN
- Centro catalogador/agencia de origen: DO-SdBNP
- Lengua de catalogación: spa
- Centro/agencia transcriptor: BNPHU
- Normas de descripción: rda
100 1# - ENCABEZAMIENTO-NOMBRE DE PERSONA
- Nombre de persona: Ovalles, Pedro,
- Fechas asociadas al nombre: 1957-
370 ## - LUGAR ASOCIADO
- Lugar de nacimiento: Monte de la Jagua, Moca (República Dominicana)
372 ## - CAMPO DE ACTIVIDAD
- Campo de actividad: Director del Liceo Nocturno del Distrito Municipal de su comunidad de origen
- Campo de actividad: Subdirector del Colegio Porfirio Morales de Moca.
- Campo de actividad: Miembro fundador del Taller Literario Octavio Guzmán Carretero de Moca.
- Campo de actividad: Director en la actualidad del Taller Literario Triple Llama de Moca.
374 ## - OCUPACIÓN
- Ocupación: Profesor
374 ## - OCUPACIÓN
- Ocupación: Escritor
375 ## - GÉNERO/SEXO
- Género/Sexo: Masculino
377 ## - LENGUA/LENGUAJE ASOCIADO
- Código del idioma: spa
670 ## - FUENTE DE DATOS ENCONTRADOS
- Cita de la fuente: Ovalles, Pedro, 1957-, Retoños de sueños /, 1987.
